000 00719cam a2200265 4500
001 J97663
008 090401t1999 xxu||||| |||| 00| 0 eng d
035 _a(Sirsi) u92342
041 _aeng
050 _a333.335
110 _aMinistry of Agriculture Fisheries and Food
245 _aAnnual survey of tenanted land - England - 1998.
260 _aYork
_bMAFF
_c1999
300 _a8p. ; 30cm.
350 _a0
490 _aMAFF Statistics
_v34/99
650 _aPROPERTY-RURAL AND NATURAL ASSETS-AGRICULTURAL PROPERTY-AGRICULTURAL LAND
650 _aFARM RENTS
650 _aFARMLAND
650 _aSTATISTICS
650 _aTENANTED LAND
690 _aRURAL PRACTICE
942 _n0
948 _c24/03/1999
999 _c97741
_d97741